| 000 | 00374nam a22001457a 4500 | ||
|---|---|---|---|
| 999 |
_c7941 _d7941 |
||
| 003 | OSt | ||
| 005 | 20200609170431.0 | ||
| 008 | 200609b ||||| |||| 00| 0 eng d | ||
| 020 | _a9781631591037 | ||
| 082 |
_a741.2 _bRUZ |
||
| 100 | _aRuzaimi Mat Rani | ||
| 245 | _aA guide to visual presentation | ||
| 260 |
_aAmerica _bRockport Publishers _cSeptember 15, 2015 |
||
| 942 | _2ddc | ||